Statistics for Desserts From Around the World

Click here to take the quiz!

General Stats

  • This quiz has been taken 213 times
    (179 since last reset)
  • The average score is 10 of 15

Answer Stats

Hint Answer % Correct
GelatoItaly
92%
TangyuanChina
87%
Mochi Ice CreamJapan
86%
Apple PieUSA
85%
Maple TaffyCanada
81%
Buche de NoelFrance
80%
Rosca de ReyesSpain
77%
LebkuchenGermany
76%
Gulab JamunIndia
71%
Mango w/ Sticky RiceThailand
59%
BaklavaTurkey
58%
TteokKorea
50%
QuindimBrazil
37%
PavlovaNew Zealand
32%
BibingkaPhillippines
3%

Score Distribution

Percentile by Number Answered

Percent of People with Each Score

Your Score History

You have not taken this quiz since the last reset